000 00752nam a2200289Ia 4500
005 20260324121843.0
008 008 260324s9999 xx 000 0 eng d
020 _a9781315552644
037 _aEBOOK
040 _aCRL
040 _beng
040 _cCRL
041 _2eng
041 _aeng
084 _qCRL
100 _aJean-Matthieu Méon; translated by Jean-Yves Bart; Vincent Dubois
_91164136
245 4 _aThe Sociology of Wind Bands
245 0 _bAmateur Music Between Cultural Domination and Autonomy
260 _bTaylor and Francis
260 _c2013
365 _a
365 _b255
856 _uhttp://www.taylorfrancis.com/books/9781315552644
942 _cEBOOK
999 _c1756489
_d1756489